[Event "CRO-ch U13"]
[Site "Trogir"]
[Date "2023.06.25"]
[Round "7"]
[White "Malaric, Marko"]
[Black "Perak, Matej"]
[Result "1-0"]
[WhiteElo "1207"]
[BlackElo "1250"]
[PlyCount "109"]
[EventDate "2023.06.21"]
[EventType "swiss"]
[EventRounds "9"]
[EventCountry "CRO"]
[SourceTitle "EXT 2024"]
[Source "ChessBase"]
[SourceDate "2023.10.10"]
[SourceVersion "1"]
[SourceVersionDate "2023.10.10"]
[SourceQuality "1"]

1. e4 g6 2. d4 Bg7 3. Nf3 d6 4. c3 a6 5. Bd3 b5 6. 0-0 Nd7 7. Be3 Bb7 8. Nbd2 e5 9. Qe2 Ne7 10. Rac1 0-0 11. Ne1 f5 12. f4 Kh8 13. fxe5 dxe5 14. exf5 Nxf5 15. dxe5 Nxe5 16. Bxf5 gxf5 17. Bd4 Qd5 18. Bxe5 Qxe5 19. Qxe5 Bxe5 20. Nd3 Bd6 21. Nf3 Rf6 22. c4 Rg8 23. c5 Be7 24. Nde5 Bxf3 25. Rxf3 f4 26. Nd3 Rg4 27. Re1 Bf8 28. b4 Bh6 29. Re8+ Rg8 30. Rxg8+ Kxg8 31. g3 Kf7 32. Nxf4 Ke8 33. Re3+ Kd7 34. Re4 Bxf4 35. Rxf4 Rh6 36. h4 Ke6 37. Kf2 Rg6 38. g4 Rg7 39. Ke3 Ke7 40. g5 Ke6 41. Rf6+ Kd5 42. Rf4 Ke6 43. Ke4 Rg6 44. Kd4 Ke7 45. Rf6 Rxf6 46. gxf6+ Kxf6 47. Kd5 Ke7 48. Kc6 Kd8 49. Kb7 Kd7 50. Kxa6 Kc6 51. Ka5 h5 52. a3 Kb7 53. Kxb5 c6+ 54. Kc4 Ka6 55. a4 1-0

[Event "CRO-ch U13"]
[Site "Trogir"]
[Date "2022.06.23"]
[Round "3"]
[White "Sosic, Zvan"]
[Black "Perak, Matej"]
[Result "1-0"]
[WhiteElo "1331"]
[BlackElo "1754"]
[PlyCount "79"]
[EventDate "2022.06.22"]
[EventType "swiss"]
[EventRounds "9"]
[EventCountry "CRO"]
[SourceTitle "CBM 209 Extra"]
[Source "ChessBase"]
[SourceDate "2022.09.30"]
[SourceVersion "1"]
[SourceVersionDate "2022.09.30"]
[SourceQuality "1"]

1. e4 e5 2. Nf3 Nc6 3. Bc4 Bc5 4. b4 Bxb4 5. c3 Bc5 6. 0-0 Nf6 7. d4 exd4 8. cxd4 Bb6 9. e5 Ng4 10. h3 Nh6 11. Bg5 Ne7 12. d5 d6 13. Re1 0-0 14. exd6 Re8 15. Bb5 Bd7 16. Bxd7 Qxd7 17. dxe7 Nf5 18. Ne5 Qd6 19. Nf3 f6 20. Bc1 Nxe7 21. Qb3 Qxd5 22. Rxe7 Qxb3 23. Rxe8+ Rxe8 24. axb3 Rd8 25. Bd2 a6 26. Nc3 Bd4 27. Rc1 c5 28. Ne2 b5 29. Nexd4 cxd4 30. Rd1 d3 31. Bc3 Kf7 32. Ne1 Ke6 33. Rxd3 Rc8 34. Nc2 a5 35. Nd4+ Kf7 36. Bxa5 b4 37. Bxb4 Rc1+ 38. Kh2 Rc7 39. Nb5 Rb7 40. Nd6+ 1-0